Types of First-Level Administrative Divisions of Every Country - Statistics

General Stats
  • This quiz has been taken 177 times
  • The average score is 16 of 99
Answer Stats
Number of Countries Countries Answer % Correct
16 Australia / Austria / Brazil / Germany / India / Malaysia / Mexico / Micronesia / Myanmar / Nigeria / Palau / Somalia / South Sudan / Sudan / United States of America / Venezuela State
96%
43 Afghanistan / Algeria / Angola / Argentina / Armenia / Bulgaria / Burundi / Cambodia / Canada / China / Democratic Republic of the Congo / Costa Rica / Cuba / Dominican Republic / Ecuador / Equatorial Guinea / Gabon / Indonesia / Iran / Laos / Mozambique / Nepal / North Korea / Pakistan / Panama / Papua New Guinea / Peru / Poland / Rwanda / Saudi Arabia / Sierra Leone / Solomon Islands / South Africa / South Korea / Sri Lanka / Tonga / Vanuatu / Vietnam / Zambia / Zimbabwe / Thailand / Turkey / Taiwan (De Jure) Province
91%
39 Belgium / Burkina Faso / Cameroon / Chad / Chile / Czech Republic / Denmark / Djibouti / Eritrea / Eswatini / Ethiopia / Finland / France / Gambia / Georgia / Ghana / Guinea / Guinea-Bissau / Guyana / Iraq / Italy / Ivory Coast / Madagascar / Malawi / Mali / Malta / Mauritania / Morocco / Myanmar (Burma) / Namibia / Niger / Senegal / Slovakia / Tajikistan / Tanzania / Togo / Trinidad and Tobago / Turkmenistan / Uzbekistan Region
75%
11 Albania / Croatia / Estonia / Hungary / Ireland / Kenya / Liberia / Lithuania / Norway / Romania / Sweden County
66%
6 Belarus / Bulgaria / Kazakhstan / Kyrgyzstan / Russia / Ukraine Oblast
65%
19 Bahamas / Belize / Bhutan / Brunei / Cyprus / Israel / Lesotho / Libya / Nauru / Portugal / Saint Lucia / Samoa / São Tomé and Príncipe / Serbia / Seychelles / Singapore / Suriname / Uganda / Kosovo District
64%
3 Australia / Canada / Japan Territory
64%
9 Azerbaijan / Gambia / Ireland / Kazakhstan / Maldives / Moldova / Trinidad and Tobago / Turkmenistan / Uganda City
62%
2 Mauritius / Saint Kitts and Nevis Island
60%
1 Netherlands Country
52%
1 Russia Republic
50%
2 Luxembourg / Switzerland Canton
46%
3 Central African Republic / Japan / Laos Prefecture
43%
16 Cape Verde / China / East Timor / Iceland / Latvia / Liechtenstein / Marshall Islands / Monaco / Montenegro / North Macedonia / Qatar / San Marino / Slovenia / Tuvalu / Vietnam / Yemen Municipality
41%
12 Benin / Bolivia / Colombia / Republic of the Congo / El Salvador / Guatemala / Haiti / Honduras / Nicaragua / Paraguay / Peru / Uruguay Department
38%
9 China / Finland / Nicaragua / Papua New Guinea / Philippines / Portugal / São Tomé and Príncipe / Serbia / Tajikistan Autonomous Region
36%
1 Russia Krai
35%
7 Andorra / Antigua and Barbuda / Barbados / Dominica / Grenada / Jamaica / Saint Vincent and the Grenadines Parish
35%
2 Brazil / United States of America Federal District
28%
1 Russia Autonomous Oblast
26%
2 Israel (De Jure) / Sierra Leone Area
23%
4 Antigua and Barbuda / Fiji / Grenada / Norway Dependency
23%
2 Bangladesh / Fiji Division
23%
8 Argentina / Armenia / Belarus / Hungary / Mexico / Norway / Serbia / Spain Autonomous City
22%
3 Czech Republic / Mauritania / Tajikistan Capital City
22%
2 France / United Kingdom Overseas Territory
22%
1 United Arab Emirates Emirate
21%
4 Azerbaijan / Georgia / Ukraine (De Jure) / Uzbekistan Autonomous Republic
20%
2 Kazakhstan / Russia Federal City
19%
9 Bahrain / Egypt / Iraq / Jordan / Kuwait / Oman / Syria / Tunisia / Yemen Governorate
18%
1 Russia Autonomous Okrug
17%
1 Serbia Autonomous Province
17%
1 Ivory Coast Autonomous District
16%
4 Colombia / Mali / Paraguay / Venezuela Capital District
16%
2 China / East Timor Special Administrative Region
14%
1 Spain Autonomous Community
12%
1 Indonesia Special Region
12%
1 Pakistan Autonomous Territory
11%
2 Kyrgyzstan / Uzbekistan Independent City
11%
2 North Korea / South Korea Special City
11%
1 Trinidad and Tabago Borough
10%
1 Malaysia Federal Territory
10%
2 India / Myanmar (Burma) Union Territory
10%
1 Philippines Administrative Region
9%
2 Cambodia / Romania Autonomous Municipality
9%
1 Trinidad and Tabago Ward
9%
1 Maldives Atoll
8%
1 Solomon Islands Capital Territory
8%
1 Cape Verde Council
8%
1 Comoros Autonomous Island
7%
1 Russia Federal Subject
7%
1 United States of America Incorporated Territory
6%
1 Dominican Republic National District
6%
1 France Overseas Collectivity
6%
3 Azerbaijan / China / Moldova Raion
6%
1 Botswana Rural District
6%
1 Taiwan Special Municipality
6%
1 Botswana Urban District
6%
1 Ethiopia Chartered City
4%
1 Ireland City and County
4%
1 United Kingdom Constituent Country
4%
2 Nigeria / Pakistan Federal Capital Territory
4%
1 Bosnia and Herzegovina Federal Entity
4%
1 Japan Metropolis
4%
1 Papua New Guinea National Capital District
4%
1 Denmark Self-Governing Territory
4%
1 Venezuela Federal Dependency
3%
1 Latvia Republic City
3%
1 United Kingdom Crown Dependencies
2%
1 Greece Decentralized Administration
2%
1 Panama Indigenous Region
2%
1 New Zealand Realm
2%
1 United States of America Unincorporated Organized Territory
2%
1 United States of America Unincorporated Unorganized Territory
2%
1 South Sudan Administrative Area
1%
1 Mongolia Aimag
1%
1 Greece Autonomous Monastic State
1%
1 Moldova Autonomous Territorial Unit
1%
1 Ukraine CIty With Special Status
1%
1 Bosnia and Herzegovina Condominium of the Federal Entities
1%
1 South Korea Metropolitan City
1%
1 Mongolia Provincial Municipality
1%
1 Myanmar (Burma) Self-Administered Division
1%
1 Myanmar (Burma) Self-Administered Zone
1%
1 New Zealand Self-Administering Territory
1%
1 Thailand Special Administrative Area
1%
1 South Korea Special Self-Governing City
1%
1 South Korea Special Self-Governing Province
1%
1 France State Private Property
1%
1 France Sui Generis Collectivity
1%
1 Niger Urban Community
1%
1 Japan Urban Prefecture
1%
1 South Sudan Area With Special Administrative Status
0%
1 North Korea Direct-Administered City
0%
1 Norway Integral Overseas Area
0%
1 Spain Minor Strongholds of Sovereignty
0%
1 North Korea Special-Level City
0%
1 New Zealand State in Free-Association
0%
1 United States of America Unincorporated Unorganized Self-Governing Territory
0%
No matching quizzes found
Score Distribution
Percent of People with Each Score
Percentile by Number Answered
Your Score History
You have not taken this quiz